00493nam a2200181Ia 450000500170000000800410001702000180005804100120007608200150008810000240010324500650012725000120019226000370020430000230024165000150026465000170027965000150029620260429112131.0260429s9999||||xx |||||||||||||| ||und|| a9780367474492 aEnglish a519.2bMUK aMukhopadhyay, Nitis 0aProbability and statistical inference / cNitis Mukhopadhyay a1st ed. aBoca Raton : bCRC Press,c2025. axviii, 665 p.; pbk a Inference a Probability aStatistics